000 00917nam a2200265Ia 4500
003 OSt
005 20220930072642.0
006 a|||||r|||| 00| 0
007 ta
008 220926b |||||||| |||| 00| 0 eng d
024 _a24720
037 _cTheses
040 _aCRL
_cCRL
_beng
041 _2eng
_aeng
100 _aSaxena Anurag
_9530227
110 _aUniversity of Delhi. Faculty of Medical Sciences. Department of Paediatrics
245 0 _aStudy of clinical factors associated with poor control of epilepsy in children and value of assessing anticonvulsant drug levels in such cases
260 _c1998
300 _a72p.
_ap.
_ccm.
650 _aCHILDREN - DISEASES
700 _a Dr B Talukdar Supervisor
_9525334
700 _aUniversity of Delhi. Faculty of Medical Sciences. Department of Paediatrics
942 _cDIS
_2CC
999 _c864164
_d864164